000 00618nam a2200217 i 4500
001 bg
100 1 _aKAPLAN, Ari
245 1 0 _aWindows NT 2000 :
_bco w trawie piszczy /
_cAri Kaplan, Morten Strunge Nielsen ; [tł. Piotr Rajca].
260 _aGliwice :
_b"Helion",
_ccop. 1999.
300 _a440 s. ;
_c24 cm.
650 9 _aWindows NT (system operacyjny)
655 _aPodręczniki
700 1 _aNIELSEN, Morten Strunge
020 _a8371971052
040 _cBPK
041 1 _apl
_hen
080 _a004.451:004.7](07)
920 _a83-7197-105-2
942 _cKS
008 s pl f |000 0 pol
999 _c35887
_d35887
856 _uhttp://koha.tu.koszalin.pl/cgi-bin/koha/opac-detail.pl?biblionumber=35887
_yKatalog online BPK